[Event "1st Goa GM Open 2018"]
[Site "Taleigao"]
[Date "2018.10.17"]
[Round "7"]
[White "Rakesh Kumar Jena"]
[Black "Aditya Mittal"]
[Result "0-1"]
[WhiteElo "2388"]
[BlackElo "2215"]
[Annotator "NA"]
[PlyCount "80"]
[EventDate "2018.10.13"]
[EventType "swiss"]
[EventCountry "IND"]
[SourceTitle "playchess.com"]
[Source "ChessBase"]
[SourceQuality "1"]
[TimeControl "5400+30"]

1. Nf3 d5 2. d4 Nf6 3. Bf4 c5 4. e3 Nc6 5. Nbd2 e6 6. c3 cxd4 7. exd4 Nh5 8. Bg5 f6 9. Be3 Bd6 10. g3 O-O 11. Qc2 f5 12. O-O-O Nf6 13. Bg5 Bd7 14. Kb1 h6 15. Bxf6 Qxf6 16. h3 Rfc8 17. Bb5 Nb8 18. Bxd7 Nxd7 19. g4 b5 20. Qd3 Rab8 21. Rde1 Re8 22. gxf5 Qxf5 23. Qxf5 exf5 24. Nh4 b4 25. Kc2 bxc3 26. bxc3 Bf4 27. Nb3 Bg5 28. Nf3 Bf6 29. Na5 Rec8 30. Rb1 Rxb1 31. Rxb1 Nc5 32. Nb7 Ne4 33. Rb3 f4 34. Ne5 Nxf2 35. Nd6 Rd8 36. Nf5 Bxe5 37. dxe5 Re8 38. Rb7 Rxe5 39. Rxg7+ Kf8 40. Rg2 Re2+ 0-1

[Event "1st Goa GM Open 2018"]
[Site "Taleigao"]
[Date "2018.10.17"]
[Round "7"]
[White "Audi Ameya"]
[Black "Tukhaev, Adam"]
[Result "1/2-1/2"]
[WhiteElo "2375"]
[BlackElo "2556"]
[Annotator "ChessBase"]
[PlyCount "37"]
[EventDate "2018.10.13"]
[EventType "swiss"]
[EventCountry "IND"]
[SourceTitle "playchess.com"]
[Source "ChessBase"]
[SourceQuality "1"]
[TimeControl "5400+30"]

1. e4 {[%emt 0:00:00]} c5 {[%emt 0:00:00]} 2. Nf3 {[%emt 0:00:00]} e6 {[%emt 0:00:21]} 3. d4 {[%emt 0:00:00]} cxd4 {[%emt 0:00:04]} 4. Nxd4 {[%emt 0:00:00]} Nc6 {[%emt 0:00:03]} 5. Nc3 {[%emt 0:00:00]} Qc7 {[%emt 0:01:06]} 6. Qd3 {[%emt 0:00:00]} Nf6 {[%emt 0:00:45]} 7. Ndb5 {[%emt 0:00:21]} Qb8 {[%emt 0:00:08]} 8. Qg3 {[%emt 0:00:03]} d6 {[%emt 0:00:06]} 9. Be3 {[%emt 0:00:08]} a6 {[%emt 0:00:04]} 10. Nd4 {[%emt 0:00:04]} Bd7 {[%emt 0:02:43]} 11. Be2 b5 12. Bd3 {[%emt 0:03:38]} h5 {[%emt 0:06:40]} 13. O-O {[%emt 0:18:52]} Ng4 {[%emt 0:05:49]} 14. Nce2 {[%emt 0:22:38]} Nxe3 {[%emt 0:19:26]} 15. Qxe3 {[%emt 0:00:03]} Qa7 {[%emt 0:20:19]} 16. e5 {[%emt 0:05:53]} Qc5 {[%emt 0:04:51]} 17. Be4 {[%emt 0:15:02]} Rd8 {[%emt 0:06:20]} 18. Rad1 {[%emt 0:11:42]} dxe5 {[%emt 0:04:26]} 19. Kh1 {[%emt 0:00:20]} 1/2-1/2

[Event "1st Goa GM Open 2018"]
[Site "Taleigao"]
[Date "2018.10.17"]
[Round "7"]
[White "Rajdeep Sarkar"]
[Black "Karthik Venkataraman"]
[Result "0-1"]
[WhiteElo "2355"]
[BlackElo "2525"]
[Annotator "ChessBase"]
[PlyCount "64"]
[EventDate "2018.10.13"]
[EventType "swiss"]
[EventCountry "IND"]
[SourceTitle "playchess.com"]
[Source "ChessBase"]
[SourceQuality "1"]
[TimeControl "5400+30"]

1. Nf3 {[%emt 0:00:00]} c5 {[%emt 0:00:00]} 2. c4 {[%emt 0:00:00]} Nc6 {[%emt 0:00:00]} 3. d4 {[%emt 0:00:00]} cxd4 {[%emt 0:00:00]} 4. Nxd4 {[%emt 0:00:00]} Nf6 {[%emt 0:00:01]} 5. Nc3 {[%emt 0:00:00]} e6 {[%emt 0:00:04]} 6. a3 {[%emt 0:00:00]} Be7 {[%emt 0:00:28]} 7. e4 {[%emt 0:02:22]} O-O {[%emt 0:00:05]} 8. Be3 {[%emt 0:00:59]} d5 {[%emt 0:02:35]} 9. exd5 {[%emt 0:10:28]} exd5 {[%emt 0:00:06]} 10. Nxc6 {[%emt 0:05:34]} bxc6 {[%emt 0:00:10]} 11. Be2 {[%emt 0:00:14]} Be6 {[%emt 0:00:50]} 12. cxd5 {[%emt 0:01:20]} Nxd5 {[%emt 0:00:13]} 13. Nxd5 {[%emt 0:00:54]} Bxd5 {[%emt 0:00:13]} 14. O-O {[%emt 0:03:03]} Bf6 {[%emt 0:00:19]} 15. Bd4 {[%emt 0:06:33]} Re8 {[%emt 0:04:17]} 16. Re1 {[%emt 0:02:27]} Bb3 {[%emt 0:02:12]} 17. Qxb3 {[%emt 0:02:55]} Bxd4 {[%emt 0:00:11]} 18. Bf3 {[%emt 0:07:40]} Rxe1+ {[%emt 0:05:40]} 19. Rxe1 {[%emt 0:00:06]} Rb8 {[%emt 0:00:10]} 20. Qc4 {[%emt 0:08:58]} Qh4 {[%emt 0:12:41]} 21. Qe2 {[%emt 0:02:20]} g6 {[%emt 0:00:06]} 22. b4 {[%emt 0:01:06]} c5 {[%emt 0:03:20]} 23. Bd5 {[%emt 0:04:03]} cxb4 {[%emt 0:00:32]} 24. axb4 {[%emt 0:00:51]} Qf6 {[%emt 0:00:12]} 25. Rb1 {[%emt 0:08:02]} a5 {[%emt 0:00:36]} 26. b5 {[%emt 0:00:54]} a4 {[%emt 0:00:09]} 27. Qa2 {[%emt 0:04:54]} Qf5 {[%emt 0:06:23]} 28. g3 {[%emt 0:15:09]} Rd8 {[%emt 0:05:54]} 29. Bg2 {[%emt 0:05:03]} Bxf2+ {[%emt 0:01:08]} 30. Kh1 {[%emt 0:00:01]} Rd2 {[%emt 0:01:22]} 31. Bh3 {[%emt 0:05:26]} Qf3+ {[%emt 0:00:14]} 32. Bg2 {[%emt 0:00:03]} Rd1+ {[%emt 0:00:06]} 0-1

[Event "1st Goa GM Open 2018"]
[Site "Taleigao"]
[Date "2018.10.17"]
[Round "7"]
[White "Kathmale, Sameer"]
[Black "Nikhil Magizhnan"]
[Result "1/2-1/2"]
[WhiteElo "2343"]
[BlackElo "2056"]
[Annotator "NA"]
[PlyCount "60"]
[EventDate "2018.10.13"]
[EventType "swiss"]
[EventCountry "IND"]
[SourceTitle "playchess.com"]
[Source "ChessBase"]
[SourceQuality "1"]
[TimeControl "5400+30"]

{[%evp 8,37,35,12,32767,32767,32767,32767,-8,-11,-1,-19,-10,0,-2,0,-6,-28,-8,-17,-17,-16,0,0,0,-6,27,24,24,29,35,0]} 1. e4 c6 2. d4 d5 3. e5 c5 4. dxc5 Nc6 {LiveBook: 990 Games} 5. a3 {B12: Caro-Kann: Advance Variation} Nxe5 6. b4 g6 (6... Nf6 7. Bb2 Nc6 8. Nf3 g6 9. Nc3 d4 10. Nb5 e5 11. Qe2 Bg4 12. O-O-O Bh6+ {1-0 (48) Nepomniachtchi,I (2751)-Navara,D (2737) Saint Louis 2017}) 7. f4 Nc6 8. Bb2 Nf6 9. Nc3 $146 ({Predecessor:} 9. c4 Bg4 10. Be2 Bxe2 11. Nxe2 dxc4 12. Qxd8+ Rxd8 {0-1 (27) Wall,G (2348)-Hawkins,J (2590) London 2016}) 9... Be6 10. Nf3 Bg7 11. Bb5 O-O 12. Ne2 Bg4 13. O-O Bxf3 14. Rxf3 Qc7 15. c4 Rad8 16. Qc2 e5 17. Bxc6 e4 $1 18. Bxd5 exf3 19. Bxf3 $11 Ne8 20. g3 Qe7 21. Kf2 Bxb2 22. Qxb2 Ng7 23. Nc3 Qf6 24. Ra2 Qd4+ 25. Kg2 Nf5 26. Nd5 Qxc4 27. Nf6+ Kh8 28. Nd7+ Kg8 29. Nf6+ Kh8 30. Nd7+ Kg8 1/2-1/2

[Event "1st Goa GM Open 2018"]
[Site "Taleigao"]
[Date "2018.10.17"]
[Round "7"]
[White "Rathanvel, V S"]
[Black "Kasparov, Sergey"]
[Result "0-1"]
[WhiteElo "2341"]
[BlackElo "2453"]
[Annotator "TA"]
[PlyCount "138"]
[EventDate "2018.10.13"]
[EventType "swiss"]
[EventCountry "IND"]
[SourceTitle "playchess.com"]
[Source "ChessBase"]
[SourceQuality "1"]

{[%evp 16,138,47,26,27,25,47,31,37,16,10,11,15,18,17,10,3,7,6,-16,0,0,16,0,0,0,10,-17,11,-52,-31,-121,-133,-128,-122,-220,-142,-148,-149,-213,-196,-189,-185,-179,-170,-198,-193,-212,-212,-223,-215,-257,-260,-260,-255,-250,-207,-208,-205,-250,-206,-214,-203,-202,-176,-184,-156,-156,-157,-156,-156,-162,-154,-177,-166,-166,-156,-167,-168,-170,-167,-171,-156,-158,-156,-156,-156,-156,-146,-146,-133,-157,-144,-185,-174,-156,-144,-224,-145,-187,-173,-181,-160,-359,-381,-398,-391,-395,-391,-466,-470,-472,-444,-370,-317,-871,-860,-5477,-5243,-29974,-29975,-29970,-29971,-29988,-29989]} 1. e4 d5 2. exd5 Qxd5 3. Nc3 Qd6 4. d4 Nf6 5. Nf3 c6 6. g3 {B01: Scandinavian Defence} (6. Ne5 Nbd7 7. f4 Nb6 8. g4 g6 9. Bg2 Bg7 10. O-O O-O 11. f5 Rd8 12. Ne2 Nfd7 13. Nxf7 Kxf7 14. Bf4 {1-0 (43) Safarli,E (2657)-Hera,I (2620) Brest 2018}) 6... Bf5 7. Bg2 h6 8. O-O e6 9. Ne2 {LiveBook: 5 Games} Qc7 10. c4 Nbd7 11. Nc3 Be7 12. c5 O-O 13. Bf4 Qc8 14. Re1 $146 Re8 15. b4 Nd5 16. Nxd5 exd5 17. Qb3 a6 18. a4 Be4 19. Ra2 Nf8 20. Rae2 Qf5 21. Bd6 Bf6 22. Nd2 (22. Ne5 $11 Bxg2 23. Kxg2) 22... Bc2 $1 $15 23. Qc3 {[#]} (23. Rxe8 $15 Rxe8 24. Rxe8 Bxb3 25. Nxb3 Qb1+ 26. Bf1 Qxb3 27. Rxf8+ Kh7 28. Rxf7) 23... Rxe2 $1 $17 24. Rxe2 Bxa4 25. Re3 (25. Be5 $17 {was necessary.}) 25... Qc2 26. Qxc2 Bxc2 27. Bxf8 (27. Rc3 $17 {was called for.} Bf5 28. Nb3) 27... Kxf8 $19 ({Much less strong is} 27... Rxf8 28. Nf3 $17) 28. Rc3 Ba4 29. Nf3 Bd1 30. Rd3 Bc2 31. Rd2 Be4 32. Ne1 Bf5 33. f3 a5 34. bxa5 Rxa5 {...Ra4 is the strong threat.} 35. Kf2 Ke8 36. Bf1 Kd8 37. Ke3 Ra4 38. Be2 Kc7 39. Bd1 Rc4 40. Bc2 Bxc2 41. Nxc2 {[%mdl 4096] Endgame KRB-KRN} Rc3+ 42. Ke2 h5 43. Ne3 g6 44. Nd1 Rb3 45. Rd3 Rb1 46. Rd2 b6 47. cxb6+ Kxb6 48. Nc3 Rb4 49. Ke3 Kc7 50. Ne2 Kd6 51. Rd1 Rb3+ 52. Rd3 Rb1 53. Ra3 g5 54. Ra7 Rb3+ 55. Kf2 Be7 56. Ra6 (56. Ra8 $17 {was worth a try.}) 56... f5 57. Ra8 {[#]} g4 $1 58. fxg4 hxg4 59. Ra6 $2 (59. Kg2 $17 {might work better.}) 59... Bg5 60. Ra1 Be3+ 61. Kf1 Kc7 62. Ra7+ Kb6 63. Ra2 Rb4 64. Ra8 Kb7 65. Rf8 $2 (65. Re8 Bxd4 66. Nxd4 Rxd4 67. Rf8) 65... Rb1+ 66. Kg2 Re1 67. Rf7+ Kb6 {Black mates.} 68. h4 Rxe2+ 69. Kh1 f4 {Precision: White = 37%, Black = 71%.} 0-1

[Event "1st Goa GM Open 2018"]
[Site "Taleigao"]
[Date "2018.10.17"]
[Round "7"]
[White "Saurabh Anand"]
[Black "Prajesh R"]
[Result "0-1"]
[WhiteElo "2303"]
[BlackElo "1953"]
[Annotator "NA"]
[PlyCount "92"]
[EventDate "2018.10.13"]
[EventType "swiss"]
[EventCountry "IND"]
[SourceTitle "playchess.com"]
[Source "ChessBase"]
[SourceQuality "1"]
[TimeControl "5400+30"]

1. e4 {[%emt 0:00:00]} e5 {[%emt 0:00:42]} 2. Nf3 {[%emt 0:00:00]} Nc6 {[%emt 0:00:04]} 3. d4 {[%emt 0:00:27]} exd4 {[%emt 0:00:17]} 4. Nxd4 {[%emt 0:00:12]} Nf6 {[%emt 0:00:03]} 5. Nxc6 {[%emt 0:00:22]} bxc6 {[%emt 0:00:02]} 6. e5 {[%emt 0:00:12]} Qe7 {[%emt 0:00:09]} 7. Qe2 {[%emt 0:00:10]} Nd5 {[%emt 0:00:02]} 8. c4 {[%emt 0:00:15]} Nb6 {[%emt 0:00:04]} 9. Nc3 {[%emt 0:00:26]} Ba6 {[%emt 0:00:02] LiveBook: 91 Games C45: Schottische Partie} (9... Bb7 10. Bd2 O-O-O 11. O-O-O Re8 12. Re1 Qb4 13. Kb1 Ba6 14. Nd5 Qa4 15. Nxb6+ axb6 16. g3 f6 17. f4 fxe5 18. fxe5 {0-1 (38) Saric,I (2689)-Almasi,Z (2699) Rio Achaea 2018}) 10. Qe4 {[%emt 0:00:54]} g6 {[%emt 0:00:39]} 11. Bd2 {[%emt 0:08:00]} Bg7 {[%emt 0:04:30]} 12. O-O-O {[%emt 0:02:40]} O-O {[%emt 0:06:29]} 13. f4 {[%emt 0:04:27]} (13. c5 $11 Bxf1 14. cxb6) 13... f5 {[%emt 0:15:54]} 14. exf6 {[%emt 0:02:51]} Qxf6 {[%emt 0:00:24]} 15. c5 {[%emt 0:11:26]} d5 $146 {[%emt 0:21:16]} ({Vorgänger:} 15... Bxf1 16. Rhxf1 {0-1 (41) Seibold,T (2100)-Heiduczek,J (2170) Bayern 1998}) 16. Qc2 {[%emt 0:16:41]} (16. cxd6 $1 $11 {was the only way to keep the balance.} Bxf1 17. Rhxf1) 16... Bxf1 $19 {[%emt 0:02:42]} 17. Rhxf1 {[%emt 0:02:44]} Nc4 {[%emt 0:00:09]} 18. Rf3 {[%emt 0:02:01]} Rab8 {[%emt 0:10:34]} 19. b3 {[%emt 0:02:35]} Na3 {[%emt 0:00:19]} 20. Qd3 {[%emt 0:02:39]} Rb5 {[%emt 0:00:46]} 21. Kb2 {[%emt 0:11:03]} Nc4+ {[%emt 0:00:25]} 22. Kc1 {[%emt 0:00:21]} Nxd2 {[%emt 0:05:34]} 23. Rxd2 {[%emt 0:00:22]} Rxc5 {[%emt 0:00:12]} 24. Rc2 {[%emt 0:00:13]} Re8 {[%emt 0:02:22]} 25. Kd2 {[%emt 0:01:55]} Qe7 {[%emt 0:19:20]} 26. Rf1 {[%emt 0:01:16]} d4 {[%emt 0:05:08]} 27. Nd1 {[%emt 0:01:58]} Rxc2+ {[%emt 0:00:58]} 28. Kxc2 {[%emt 0:00:08]} Qe2+ {[%emt 0:00:45]} 29. Qxe2 {[%emt 0:00:16]} Rxe2+ {[%emt 0:00:02]} 30. Kd3 {[%emt 0:00:04]} Rxg2 {[%emt 0:01:46]} 31. Rf2 {[%emt 0:00:09]} Rg1 {[%emt 0:01:29]} 32. Nb2 {[%emt 0:00:25]} Rc1 {[%emt 0:01:31]} 33. Rc2 {[%emt 0:00:30]} Rxc2 {[%emt 0:00:51]} 34. Kxc2 {[%emt 0:00:03]} Bh6 {[%emt 0:00:31]} 35. Nd3 {[%emt 0:01:49]} Kf7 {[%emt 0:00:24]} 36. a4 {[%emt 0:06:15]} Ke6 {[%emt 0:00:19]} 37. a5 {[%emt 0:00:02]} Kd5 {[%emt 0:01:10]} 38. a6 {[%emt 0:00:25]} Bf8 {[%emt 0:00:18]} 39. Kd2 {[%emt 0:02:25]} c5 {[%emt 0:00:37]} 40. Ke2 {[%emt 0:01:24]} c4 {[%emt 0:00:26]} 41. bxc4+ {[%emt 0:00:04]} Kxc4 {[%emt 0:00:02]} 42. Ne5+ {[%emt 0:00:07]} Kb5 {[%emt 0:00:05]} 43. Kd3 {[%emt 0:02:05]} c5 {[%emt 0:00:47]} 44. h3 {[%emt 0:00:23]} Bd6 {[%emt 0:00:45]} 45. Nd7 {[%emt 0:00:38]} Bxf4 {[%emt 0:00:31]} 46. Nf8 {[%emt 0:00:01]} Bd6 {[%emt 0:01:00]} 0-1

[Event "1st Goa GM Open 2018"]
[Site "Taleigao"]
[Date "2018.10.17"]
[Round "7"]
[White "Nitish Belurkar"]
[Black "Stany, G.A."]
[Result "1/2-1/2"]
[WhiteElo "2295"]
[BlackElo "2502"]
[Annotator "ChessBase"]
[PlyCount "64"]
[EventDate "2018.10.13"]
[EventType "swiss"]
[EventCountry "IND"]
[SourceTitle "playchess.com"]
[Source "ChessBase"]
[SourceQuality "1"]
[TimeControl "5400+30"]

1. e4 {[%emt 0:00:00]} e5 {[%emt 0:00:00]} 2. Nf3 {[%emt 0:00:00]} Nc6 {[%emt 0:00:00]} 3. d4 {[%emt 0:00:00]} exd4 {[%emt 0:00:00]} 4. Nxd4 {[%emt 0:00:00]} Bc5 {[%emt 0:04:31]} 5. Be3 {[%emt 0:01:47]} Qf6 {[%emt 0:00:23]} 6. c3 {[%emt 0:00:08]} Nge7 {[%emt 0:00:13]} 7. Bc4 {[%emt 0:01:01]} O-O {[%emt 0:08:41]} 8. Nxc6 {[%emt 0:07:06]} Qxc6 {[%emt 0:00:10]} 9. Bxc5 {[%emt 0:00:05]} Qxc5 {[%emt 0:00:08]} 10. Nd2 {[%emt 0:00:07]} d5 {[%emt 0:02:24]} 11. exd5 {[%emt 0:00:16]} Nxd5 {[%emt 0:00:05]} 12. Bxd5 {[%emt 0:08:23]} Qxd5 {[%emt 0:00:22]} 13. O-O {[%emt 0:00:07]} Be6 {[%emt 0:11:29]} 14. Nf3 {[%emt 0:03:36]} Rad8 {[%emt 0:01:39]} 15. Qa4 {[%emt 0:09:01]} Qc5 {[%emt 0:03:06]} 16. Rfd1 {[%emt 0:03:24]} Bd5 {[%emt 0:00:14]} 17. Qd4 {[%emt 0:08:02]} Qc6 {[%emt 0:09:53]} 18. Qh4 {[%emt 0:06:39]} Rd6 {[%emt 0:10:29]} 19. Ne5 {[%emt 0:02:29]} Qe8 {[%emt 0:05:40]} 20. Re1 {[%emt 0:06:24]} Qd8 {[%emt 0:09:58]} 21. Qg3 {[%emt 0:02:02]} Be6 {[%emt 0:06:38]} 22. Nf3 {[%emt 0:01:36]} c5 {[%emt 0:00:05]} 23. h4 {[%emt 0:07:21]} h6 {[%emt 0:00:46]} 24. b3 {[%emt 0:04:01]} b6 {[%emt 0:02:56]} 25. c4 {[%emt 0:01:45]} Bc8 {[%emt 0:00:16]} 26. Ne5 {[%emt 0:02:47]} Bb7 {[%emt 0:00:46]} 27. Re3 {[%emt 0:01:21]} Rd4 {[%emt 0:03:33]} 28. Rae1 {[%emt 0:02:14]} h5 29. f3 {[%emt 0:05:00]} Rd1 {[%emt 0:08:15]} 30. Rxd1 {[%emt 0:02:08]} Qxd1+ {[%emt 0:00:15]} 31. Kh2 {[%emt 0:00:06]} Re8 {[%emt 0:03:51]} 32. Ng4 {[%emt 0:05:54]} Rxe3 {[%emt 0:01:14]} 1/2-1/2

[Event "1st Goa GM Open 2018"]
[Site "Taleigao"]
[Date "2018.10.17"]
[Round "7"]
[White "Kumar, Gaurav"]
[Black "Pradeep Tiwari"]
[Result "1/2-1/2"]
[WhiteElo "2236"]
[BlackElo "1947"]
[Annotator "NA"]
[PlyCount "44"]
[EventDate "2018.10.13"]
[EventType "swiss"]
[EventCountry "IND"]
[SourceTitle "playchess.com"]
[Source "ChessBase"]
[SourceQuality "1"]
[TimeControl "5400+30"]

{[%evp 23,41,9,44,47,53,9,23,0,-22,-17,24,0,0,-8,0,-14,0,-18,-12,-8]} 1. e4 e5 2. Nf3 Nc6 3. d4 exd4 4. Nxd4 Nf6 5. Nxc6 bxc6 6. e5 Qe7 7. Qe2 Nd5 8. c4 Nb6 9. Nc3 Bb7 {C45: Scotch Game} 10. Bd2 O-O-O 11. O-O-O Re8 12. f4 (12. Re1 Qb4 13. Kb1 Ba6 14. Nd5 Qa4 15. Nxb6+ axb6 16. g3 f6 17. f4 fxe5 18. fxe5 {0-1 (38) Saric,I (2689)-Almasi,Z (2699) Rio Achaea 2018}) 12... f6 13. exf6 Qf7 14. Qd3 $146 ({Predecessor:} 14. Qf2 gxf6 15. Bd3 f5 16. Rhe1 Bg7 17. Qc5 {1-0 (40) Wong,Y (2198)-Chakravarthi,Y (2148) Puchong 2017}) 14... gxf6 15. b3 d5 16. cxd5 Nxd5 17. Qf5+ Kb8 18. Bc4 Ba3+ 19. Kb1 Qg6 20. Qxg6 {hxg} hxg6 21. Bd3 $11 f5 22. Nxd5 Rhg8 1/2-1/2

[Event "1st Goa GM Open 2018"]
[Site "Taleigao"]
[Date "2018.10.17"]
[Round "7"]
[White "Swati Ghate"]
[Black "Gusain, Himal"]
[Result "0-1"]
[WhiteElo "2215"]
[BlackElo "2384"]
[Annotator "NA"]
[PlyCount "102"]
[EventDate "2018.10.13"]
[EventType "swiss"]
[EventCountry "IND"]
[SourceTitle "playchess.com"]
[Source "ChessBase"]
[SourceQuality "1"]
[TimeControl "5400+30"]

1. Nf3 f5 2. b3 d6 3. d4 Nf6 4. Bb2 g6 5. g3 Bg7 6. Bg2 O-O 7. Nbd2 Nc6 8. Rb1 {A81: Dutch Defence: 2 g3} (8. O-O Qe8 9. Nc4 b5 10. Ncd2 Rb8 11. c4 bxc4 12. Nxc4 Ba6 13. Rc1 Nb4 14. a3 Nbd5 15. Qc2 Qb5 16. Nfd2 f4 17. Rfe1 {0-1 (28) Konopka,M (2416)-Plat,V (2492) Ostrava 2016}) 8... Qe8 9. O-O h6 10. Nc4 $146 ({Predecessor:} 10. a4 Kh8 11. Nc4 g5 12. e3 Ne4 13. d5 Bxb2 14. Rxb2 Nd8 15. Qd4+ e5 16. dxe6+ Kh7 {0-1 (52) Wunder,S (2126)-Poppe,H (2113) Bayern 2004}) 10... e6 11. a4 Bd7 12. Ne1 a6 13. Nd3 g5 14. Ne3 Qf7 15. c4 Rae8 16. d5 Nd8 17. f4 g4 18. Nf2 h5 19. dxe6 Bxe6 20. Nd5 $11 Nxd5 21. cxd5 Bc8 22. e4 fxe4 23. Nxe4 Bf5 24. Ng5 Qg6 25. Bxg7 Qxg7 26. Rc1 Re7 27. Rf2 Rfe8 28. Bf1 Qf6 29. b4 Nf7 30. Qd2 Nxg5 31. fxg5 Qe5 32. b5 axb5 33. Bxb5 Rf8 34. Rcf1 Ref7 35. Re1 Qg7 36. a5 Bg6 37. Rxf7 Rxf7 38. a6 bxa6 39. Bxa6 Re7 40. Rxe7 Qxe7 41. Kf2 Qe5 42. Bc4 Kg7 43. Qf4 Bf5 44. Qxe5+ dxe5 45. Ke3 Kg6 46. Bd3 Bxd3 47. Kxd3 Kxg5 48. Ke3 Kf5 49. Kd3 e4+ 50. Kd4 e3 51. Kxe3 Ke5 {Kd4+} 0-1

[Event "1st Goa GM Open 2018"]
[Site "Taleigao"]
[Date "2018.10.17"]
[Round "7"]
[White "Mehdi Hasan Parag"]
[Black "Kunte, Abhijit"]
[Result "1/2-1/2"]
[WhiteElo "2209"]
[BlackElo "2484"]
[Annotator "TA"]
[PlyCount "53"]
[EventDate "2018.10.13"]
[EventType "swiss"]
[EventCountry "IND"]
[SourceTitle "playchess.com"]
[Source "ChessBase"]
[SourceQuality "1"]

{[%evp 21,53,45,58,59,75,39,45,20,20,8,29,24,38,14,40,4,54,24,26,25,31,18,26,-8,-9,-16,-11,-53,0,0,0,-40,0,-3]} 1. e4 c5 2. Nf3 e6 3. d4 cxd4 4. Nxd4 a6 5. Bd3 Nf6 6. O-O Qc7 7. Qe2 d6 8. c4 Be7 9. Nc3 b6 10. Bd2 Bb7 11. Rac1 Nbd7 12. f4 {B42: Sicilian: Kan Variation: 5 Bd3} O-O (12... Qc5 13. b4 {½-½ (13) Korneev,O (2582)-Khamrakulov,I (2494) Navalmoral 2010}) 13. Bb1 Rfe8 14. Kh1 {White is slightly better.} Rac8 15. b3 Bf8 $146 ({Predecessor:} 15... Qb8) 16. Rce1 Rcd8 17. Nf3 Qb8 18. Bc1 e5 19. f5 b5 20. Bg5 bxc4 21. bxc4 Be7 22. Bxf6 Nxf6 23. Bd3 Qa7 24. Bb1 Qb8 (24... Bc6 $15) 25. Bd3 $11 Qa7 26. Bb1 Qb8 27. Bd3 {Precision: White = 27%, Black = 54%.} 1/2-1/2

[Event "1st Goa GM Open 2018"]
[Site "Taleigao"]
[Date "2018.10.17"]
[Round "7"]
[White "Niraj, Saripalli"]
[Black "Himanshu, Sharma"]
[Result "1/2-1/2"]
[WhiteElo "2206"]
[BlackElo "2444"]
[Annotator "NA"]
[PlyCount "74"]
[EventDate "2018.10.13"]
[EventType "swiss"]
[EventCountry "IND"]
[SourceTitle "playchess.com"]
[Source "ChessBase"]
[SourceQuality "1"]
[TimeControl "5400+30"]

1. d4 {[%emt 0:00:01]} d5 {[%emt 0:01:39]} 2. Bf4 {[%emt 0:00:31]} Nf6 {[%emt 0:00:08]} 3. e3 {[%emt 0:00:33]} Bf5 {[%emt 0:00:17]} 4. c4 {[%emt 0:02:14]} e6 {[%emt 0:00:06]} 5. Nc3 {[%emt 0:02:21] D00: 1 d4 d5: Unusual lines} (5. Nf3 Bxb1 6. Rxb1 Bb4+ 7. Ke2 dxc4 8. Qa4+ Nc6 9. Ne5 a5 10. Nxc6 Qd7 11. Rc1 Nd5 12. Rxc4 Nb6 13. Qc2 Nxc4 14. Nxb4 Nxb2 {1-0 (41) Nakamura,H (2769)-Giri,A (2782) Leuven 2018}) 5... c6 {[%emt 0:00:14]} 6. Qb3 {[%emt 0:00:42]} Qc8 {[%emt 0:08:36]} 7. Rc1 {[%emt 0:10:52]} Be7 {[%emt 0:02:44]} 8. h3 {[%emt 0:10:01]} O-O {[%emt 0:00:47]} 9. Nf3 {[%emt 0:00:27]} Nbd7 {[%emt 0:01:48] LiveBook: 9 Games} 10. Bh2 $146 {[%emt 0:07:37]} ({Predecessor:} 10. Be2 h6 11. O-O dxc4 12. Bxc4 Nb6 13. Be2 Nbd5 14. Bg3 {1-0 (30) Gupta,A (2654)-Vishnu,P (2524) Pune 2016}) 10... Nb6 {[%emt 0:07:15]} 11. c5 {[%emt 0:06:46]} Nbd7 {[%emt 0:00:13]} 12. Be2 {[%emt 0:01:26]} Ne4 {[%emt 0:08:09]} 13. Nxe4 {[%emt 0:03:39]} Bxe4 {[%emt 0:00:15]} 14. O-O {[%emt 0:01:38]} b6 {[%emt 0:01:20]} 15. cxb6 {[%emt 0:05:04]} axb6 {[%emt 0:00:26]} 16. Bb5 {[%emt 0:10:18]} c5 {[%emt 0:00:16]} 17. Bxd7 {[%emt 0:01:32]} Qxd7 {[%emt 0:00:05]} 18. Ne5 {[%emt 0:01:51]} Qa7 $11 {[%emt 0:01:22]} 19. Nc6 {[%emt 0:01:08]} c4 {[%emt 0:01:49]} 20. Nxa7 {[%emt 0:08:40]} cxb3 {[%emt 0:00:04]} 21. Nc6 {[%emt 0:00:33]} Rfe8 {[%emt 0:05:13]} 22. Nxe7+ {[%emt 0:03:15]} Rxe7 {[%emt 0:00:03]} 23. axb3 {[%emt 0:00:06]} h5 {[%emt 0:00:26]} 24. f3 {[%emt 0:04:26]} Bg6 {[%emt 0:00:16]} 25. Ra1 Rea7 {[%emt 0:00:11]} 26. Rxa7 {[%emt 0:03:40]} Rxa7 {[%emt 0:00:02]} 27. Bd6 {[%emt 0:02:14]} Bc2 {[%emt 0:02:20]} 28. Rc1 {[%emt 0:03:31]} Bxb3 {[%emt 0:00:07]} 29. Rc8+ {[%emt 0:00:15]} Kh7 {[%emt 0:00:04]} 30. Rb8 {[%emt 0:01:35]} Ra6 {[%emt 0:00:50]} 31. Bc7 {[%emt 0:01:00]} Ra2 {[%emt 0:00:48]} 32. Rxb6 {[%emt 0:00:29]} Rxb2 {[%emt 0:00:06]} 33. Bf4 {[%emt 0:01:06]} Rb1+ {[%emt 0:01:16]} 34. Kh2 {[%emt 0:00:25]} Kg6 {[%emt 0:00:26]} 35. Rb7 {[%emt 0:00:25]} Ba2 {[%emt 0:00:26]} 36. Rb5 Rb2 37. Rxb2 {[%emt 0:00:36]} Bb1 {[%emt 0:00:32]} 1/2-1/2